00000000nas##2200000za#4500
0019.512641
003CaOODSP
00520210507160751
007ta
008150406c1993||||xxc|| p #||||f|   |0fre|d
022 |a1185-5959
040 |aCaOODSP|bfre
043 |an-cn---
0861 |aCW71-2F
1102 |aService canadien de la faune.
24510|aTendances chez les oiseaux : |brésultats des études ornithologiques nationales et régionales au Canada / |cÉdition et production: Judith Kennedy.
260 |aOttawa - Ontario : |bEnvironnement Canada.
310 |aAnnuel
3621 |aN° 1, été 1991--[n° 9, hiver 2003]
500 |a«Tendances chez les oiseaux a pour objet de fournir: des commentaires aux bénévoles de relevés ornithologiques; des informations sur les tendances des populations d'oiseaux au Canada; une liste de projet ornithologiques faisant appel aux bénévoles du Canada.»--Couverture arrière.
5203 |aTendances chez les oiseaux a pour objet de fournir: des commentaires aux bénévoles de relevés ornithologiques; des informations sur les tendances des populations d'oiseaux au Canada; une liste de projet ornithologiques faisant appel aux bénévoles du Canada.--Couverture arrière
563 |aCouverture souple
7201 |aKennedy, Judith
77508|tBird trends : |w(CaOODSP)9.514213
7760#|tTendances chez les oiseaux : |w(CaOODSP)9.501447